Responses for show #6582 - Tuesday, April 9, 2013

Contestants

Adam Holquist, an environmental engineer from Erie, Pennsylvania

Ryan McLaughlin, a study hall supervisor and retail manager from Chicago, Illinois

Salvo Candela, a university administrator from New York, New York (whose 3-day cash winnings total $66,195)

Jeopardy! Round responses

BIG CITY SUBURBS
(We'll give you the suburbs, you name the big city.)
"BODY" LANGUAGE
THE JACK LONDON READER
CATTLE CALL
DATA STRATA
PEOPLE MOST BEAUTIFUL COVER GIRLS
(Each appeared on the cover of the magazine as most beautiful in the world.)
    $200 1
Boston (Massachusetts)

Ryan
    $200 6
a bodyguard

Ryan
    $200 21
(Ryan: What is Arizona?)

California

SalvoRyan
    $200 22
horns

Ryan
    $200 15
education

Salvo
    $200 7
Beyoncé

Ryan
    $400 2
Phoenix

Salvo
    $400 11
a busybody

Adam
    $400 30
White Fang

Ryan
    $400 23
their cud

Salvo
    $400 16
Canada

Adam
    $400 8
Julia Roberts

Ryan
    $600 3
Detroit

Salvo
    $600 12
a body check

Salvo
    $600 29
boxing

Adam
    $600 24
the beefalo

Adam
    $600 17
New Jersey

Ryan
    $600 9
Michelle Pfeiffer

Ryan
    $1,000 4
Miami

Salvo
    $800 13
a body double

Adam
    $800 28
a Fire

Ryan
    $800 25
Holstein

Salvo
    $800 19
the House of Lords

Ryan
    $800 10
Halle Berry

Adam
    $1000 5
(Ryan: What is Los Angeles?)

San Diego

Ryan
Triple Stumper
    $1000 14
an antibody

Adam
    $1000 27
Call of the Wild

Ryan
    $1000 26
(Salvo: Who is Jackson?)

Henry Clay

Salvo
Triple Stumper
    $1000 20
general and admiral

Triple Stumper
    $1000 18
(Ryan: Who is Maya Rudolph?)

Christina Applegate

Ryan
Triple Stumper

Scores at the first commercial break (after clue 15):

Salvo Ryan Adam
$2,800 $600 $3,000

Scores at the end of the Jeopardy! Round:

Salvo Ryan Adam
$3,200 $3,200 $4,600

Double Jeopardy! Round responses

BALLET
CONFUSING WORD PAIRS
PLAYING PRESIDENT
MEXICAN HISTORY
DEFENSE ABBREV.
PRETTY COLORS
    $400 22
Swan Lake

Ryan
    $400 6
stationary/stationery

Adam
    $400 12
Martin Sheen

Adam
    $400 20
oil

Adam
    $400 11
ground zero

Ryan
    $400 1
the Big Red Dog

Salvo
    $800 24
Cleopatra

Triple Stumper
    $800 7
affect/effect

Adam
    $800 14
Robin Williams

Ryan
    $800 23
cartels

Adam
    $800 13
the Strategic Defense Initiative

Ryan
    $800 2
the Green Knight

Ryan
    $1200 25
Don Quixote

Ryan
    $1200 8
a weathervane

Ryan
    $1200 15
Anthony Hopkins

Ryan
    $1200 26
church and state

Ryan
    $1200 18
mutual assured destruction

Ryan
    $1200 3
the Orangemen

Adam
    $2,000 29
Oklahoma

Ryan
    $1600 9
foreword/forward

Adam
    $1600 16
Michael Douglas

Ryan
    $1600 27
New Spain

Ryan
    $1600 19
armored personnel carriers

Salvo
    $1600 4
a Pink Lady

Adam
    $2000 30
(Adam: What is The Rite of Spring?)

Petrushka

Adam
Triple Stumper
    $2000 10
implicit and explicit

Adam
    $2000 17
Greg Kinnear

Ryan
    $2000 28
(Salvo: What is a para-military group?)

a trade union

Salvo
Triple Stumper
    $3,000 21
a non-proliferation treaty

Adam
    $2000 5
"The Yellow Rose Of Texas"

Adam

Scores at the end of the Double Jeopardy! Round:

Salvo Ryan Adam
$3,200 $19,600 $16,800

[wagering suggestions for these scores]

Final Jeopardy! Round responses

THE TONY AWARDS
SalvoWhat is Death of a Salesman?
$3,200
AdamWhat is Death of a Salesman
$10,300
RyanWhat is South Pacific?
$14,100
Death of a Salesman

Final scores:

Salvo Ryan Adam
$6,400 $5,500 $27,100
2nd place: $2,000 3rd place: $1,000 New champion: $27,100

Game dynamics:

Coryat scores:

Salvo Ryan Adam
$3,000 $19,200 $15,800
10 R
(including 1 DD),
2 W
25 R
(including 1 DD),
3 W
18 R
(including 1 DD),
1 W

Combined Coryat: $38,000

The J! Archive is created by fans, for fans. The Jeopardy! game show and all elements thereof, including but not limited to copyright and trademark thereto, are the property of Jeopardy Productions, Inc. and are protected under law. This website is not affiliated with, sponsored by, or operated by Jeopardy Productions, Inc. Join the discussion at JBoard.tv.